Najpopularniejsze Rapowe Albumy - Statystyki

Ogólne statystyki
  • Ten quiz został rozwiązany 27 razy
  • Średni wynik to 19 z 50
Statystyki odpowiedzi
Miejsce Ilość Wyświetleń Autor Odpowiedź % Poprawnych
4. 10.745 mld XXXTENTACION ?
100%
10. 8.874 mld Travis Scott ASTROWORLD
85%
12. 8.056 mld Kendrick Lamar DAMN.
85%
21. 5.856 mld Kanye West Graduation
74%
26. 5.349 mld Kendrick Lamar Good Kid, M.A.A.D City
70%
47. 3.657 mld Tyler, The Creator IGOR
70%
44. 3.833 mld Travis Scott Utopia
70%
25. 5.426 mld Frank Ocean Blonde
63%
5. 10.099 mld Drake Scorpion
63%
7. 9.633 mld Drake Views
59%
19. 5.974 mld Lil Uzi Vert Luv Is Rage 2
56%
27. 5.186 mld Travis Scott Birds In The Trap Sing McKnight
52%
50. 3.583 mld Lil Uzi Vert Eternal Atake / Lil Uzi Vert VS. The World 2
52%
40. 4.034 mld Kanye West My Beautiful Dark Twisted Fantasy
52%
8. 9.049 mld Juice WRLD Goodbye & Good Riddance
48%
29. 4.987 mld Drake Take Care
48%
49. 3.607 mld Lil Tecca We Love You Tecca
48%
11. 8.417 mld XXXTENTACION 17
44%
38. 4.252 mld Frank Ocean channel ORANGE
44%
16. 6.993 mld Eminem The Eminem Show
44%
30. 4.933 mld Kanye West The Life Of Pablo
44%
28. 5.182 mld Drake Certified Lover Boy
41%
20. 5.881 mld Juice WRLD Death Race For Love
41%
13. 7.757 mld Pop Smoke Shoot For The Stars, Aim For The Moon
41%
32. 4.627 mld 50 Cent Get Rich Or Die Tryin'
37%
22. 5.847 mld J. Cole 2014 Forrest Hills Drive
33%
48. 3.632 mld Pop Smoke Meet The Woo 2
33%
15. 7.091 mld Drake More Life
33%
39. 4.078 mld Drake Nothing Was The Same
33%
3. 11.770 mld Post Malone Beerbongs & Bentleys
30%
31. 4.923 mld Metro Boomin HEROES & VILLIANS
30%
37. 4.432 mld Eminem The Marshall Mathers LP
30%
34. 4.597 mld Dr. Dre 2001
26%
2. 12.715 mld Post Malone Hollywood's Bleeding
26%
9. 9.005 mld Post Malone Stoney
26%
24. 5.730 mld Lil Nas X MONTERO
22%
36. 4.455 mld Eminem Recovery
19%
43. 3.834 mld Eminem Music To Be Murdered By
15%
35. 4.462 mld Kendrick Lamar & Various Artists Black Panther The Album Music From And Inspired By
11%
1. 16.571 mld Bad Bunny Un Verano Sin Ti
11%
46. 3.748 mld Lil Nas X 7 EP
7%
17. 6.405 mld Bad Bunny El Último Tour Del Mundo
7%
14. 7.340 mld The Kid Laroi F*ck Love
7%
45. 3.827 mld Bad Bunny nadie sabe lo que va a pasar mañana
7%
42. 3.839 mld Eminem The Marshall Mathers LP2
7%
6. 9.801 mld Bad Bunny YHLQMDLG
7%
41. 3.870 mld Anuel AA Emmanuel
4%
33. 4.6 mld Cardi B Infasion Of Privacy
0%
18. 6.309 mld Juice WRLD Legenda Never Die
0%
23. 5.803 mld Bad Bunny X100PRR
0%
Nie znaleziono quizów pasujących do podanych kryteriów
Rozkład punktacji
Procent ludzi z każdym wynikiem
Percentyl według liczby udzielonych odpowiedzi
Twoja historia wyników
Nie rozwiązałeś tego quizu